Studies in Islamic Law, Religion and Society (Record no. 8976)

MARC details
000 -LEADER
fixed length control field 00586nam a2200241 a 4500
020 ## - INTERNATIONAL STANDARD BOOK NUMBER
ISBN
082 00 - DEWEY DECIMAL CLASSIFICATION NUMBER
Classification number 340.59
Author Cutter BHA
100 ## - MAIN ENTRY--AUTHOR NAME
Author name Bhatia, H S
245 ## - TITLE STATEMENT
Title Studies in Islamic Law, Religion and Society
260 ## - PUBLICATION, DISTRIBUTION, ETC. (IMPRINT)
Place of publication Delhi
Name of publisher Deep and Deep Publications
Year of publication 1989
300 ## - PHYSICAL DESCRIPTION
Number of Pages 445p
500 ## - GENERAL NOTE
General note includes index and biblioraphy
505 2# - FORMATTED CONTENTS NOTE
Formatted contents note Index
650 ## - SUBJECT ADDED ENTRY--TOPICAL TERM
Topical Term Islamic-Law
942 ## - ADDED ENTRY ELEMENTS (KOHA)
Koha item type Books
700 1# -
-- Bhatia, H S
Holdings
Collection code Home library Current library Date acquired Cost, normal purchase price Full call number Accession Number Koha item type
  Henry Martyn Institute Library Henry Martyn Institute Library 05/02/2007 300.00 340.59 BHA 014096 Books
                   Copyright © 2026 | Henry Martyn Institute | Hyderabad | TS-500052 | INDIA | Implemented by hmi.edu.in
Hit-Count:

Powered by Koha